000 00370nam a2200145Ia 4500
008 150201s2002 xx 000 0 und d
082 _a611
_bH2002C
100 _aCHAURASIA,B.D.
245 _aHUMAN ANATOMY REGIONAL AND APPLIED
250 _a3RD
260 _bC.B.S PUBLISHERS & DISTRIBUTERS
_aDELHI
_c2002
300 _a1-332
650 _aANATOMY
942 _2ddc
_cBK
_01
999 _c2480
_d2480